| 000 | 00505nam a2200157Ia 4500 | ||
|---|---|---|---|
| 003 | 0 | ||
| 005 | 20250203114655.0 | ||
| 008 | 140724s9999 xx 000 0 und d | ||
| 050 |
_aHF 5415.2 _b.Ab135 2017 |
||
| 100 | _aAbdelhadi, Musaap. | ||
| 245 | 2 |
_aA wellness center inside Las Piñas Doctors Hospital / _cMusaap Abdelhadi. |
|
| 260 |
_aLas Piñas, Philippines : _bSouthville International School and Colleges, _cc2017. |
||
| 300 |
_a68 p. : _bcol. ill. ; _c28 cm. |
||
| 942 |
_cTH _2lcc |
||
| 999 |
_c229215 _d229215 |
||